00362nam a2200145Ia 4500003000400000005001700004008004100021040001800062041000800080100004100088110001600129245003400145260001600179710002100195OSt20260313152127.0211028s2014 xx 000 0 und d cAIMIT LIBRARY aeng aTaj, Haseeba H; Manimozhi R.g111735 aHemalatha N aCo-operative Banking system / aHublic2014 aCorporation Bank